| 000 | 00359nam a2200121Ia 4500 | ||
|---|---|---|---|
| 008 | 210430s9999 xx 000 0 und d | ||
| 082 | _a620.110151 G537M | ||
| 100 |
_aGiustino Feliciano _954916 |
||
| 245 |
_aMaterials Modelling Using Density Functional Theory _cGiustino Feliciano |
||
| 260 |
_aoxford university _c2014 |
||
| 300 | _a286p. | ||
| 942 |
_cBK _2ddc |
||
| 999 |
_c565824 _d565824 |
||